000 00500nam a22001697a 4500
999 _c9179
_d9179
008 210326b ||||| |||| 00| 0 eng d
040 _aBMS College of Architecture
100 _aRao, S, Madhuri
245 _aAirport at Mangalore
300 _a61p.
500 _a1BM04AT027
502 _8B.Arch
_NBMS College of Architecture, Visvesvaraya Technological University
_aProject report
_d2009
650 _aMangalore
700 _aK Jaisim
_eGuide
700 _aMamatha P Raj
_eGuide
942 _2ddc
_cTHE